Detalles MARC
| 000 -LIDER |
| fixed length control field |
01001nam a22003377a 4500 |
| 001 - NÚMERO DE CONTROL |
| Identificador de número de control |
0016 |
| 003 - IDENTIFICACDOR DE NÚMERO DE CONTROL |
| control field |
DO-SdBNP |
| 005 - DATE AND TIME OF LATEST TRANSACTION |
| control field |
20171110122710.0 |
| 007 - CAMPOS FIJOS DE DESCRIPCIÓN FÍSICA |
| fixed length control field |
0017 |
| 008 - ELEMENTOS DE LONGITUD FIJA |
| fixed length control field |
150928b2006 cl ||||| |||| 00| 0 spa d |
| 020 ## - ISBN |
| International Standard Book Number |
9586772012 (obra completa) |
| 020 ## - ISBN |
| International Standard Book Number |
9586772020 (v. 1) |
| 020 ## - ISBN |
| International Standard Book Number |
9586772020 (v. 2) |
| 040 ## - FUENTE DE CATALOGACIÓN |
| Agencia que crea de manera original el registro |
BPMSU |
| Idioma de catalogación |
spa |
| Agencia que realiza la transcripción |
BPMSU |
| 082 #4 - NÚMERO DE CLASIFICACIÓN DECIMAL DE DEWEY |
| Classification number |
641.8652 |
| Item number |
H536g |
| 100 ## - ASIENTO PRINCIPAL -- NOMBRE PERSONAL |
| Término de relación |
Herbert, Lesley. |
| 245 1# - MENCIÓN DE TITULO |
| Título |
El gran libro de los pasteles de bodas / |
| Mención de responsabilidad |
Herbert, Lesley ; fotografía Clive Streeter |
| 260 ## - PUBLICACIÓN, DISTRIBUCIÓN, ETC. (PIE DE IMPRENTA) |
| Lugar de publicación, distribución, etc |
Bogotá, Colombia : |
| Nombre del editor, distribuidor, etc. |
Zamora , |
| Fecha de publicación, distribución, etc |
2006 |
| Fecha de impresión |
(2ª reimpresión) |
| 300 ## - DESCRIPCIÓN FÍSICA |
| Extensión |
2 v. |
| Otros detalles físicos |
il. |
| Dimensiones |
29 cm. |
| 500 ## - NOTA GENERAL |
| Materiales especificados |
2a. reimpresión de la primera edición |
| 650 ## - ENCABEZAMIENTO DE MATERIA--TEMÁTICO |
| Fuente del encabezamiento o término |
DECORACIÓN DE TORTAS |
| 650 ## - ENCABEZAMIENTO DE MATERIA--TEMÁTICO |
| Fuente del encabezamiento o término |
PASTILLAJE |
| 650 ## - ENCABEZAMIENTO DE MATERIA--TEMÁTICO |
| Fuente del encabezamiento o término |
PASTELES |
| 650 ## - ENCABEZAMIENTO DE MATERIA--TEMÁTICO |
| Fuente del encabezamiento o término |
TORTAS |
| 650 ## - ENCABEZAMIENTO DE MATERIA--TEMÁTICO |
| Término temático o nombre geográfico como elemento de entrada |
CONFITERIA |
| 700 ## - ASIENTO SECUNDARIO -- NOMBRE PERSONAL |
| Materiales especificados |
Streeter, Clive |
| 910 ## - VALIDACIÓN |
| Validación |
Validado. Control de calidad MFF |
| 942 ## - ADDED ENTRY ELEMENTS (KOHA) |
| Source of classification or shelving scheme |
Dewey Decimal Classification |
| Koha item type |
Libros |
| 945 ## - INFORMACIÓN DE PROCESAMIENTO LOCAL |
| Información de procesamiento local |
Inventariado, 2017/MFF |
| 956 ## - LOCAL ELECTRONIC LOCATION AND ACCESS (OCLC) |
| Nombre de host |
VMATEO |
| Método de acceso |
10 |
| Materiales especificados |
20150928 |
| Enlace |
BPMSU |